Pelajar berwawasan

Bibliographic Details
Main Author: Amril Shah
Format: Book
Published: Selangor : Pustaka Tintamas , 2006
Series:Mari gembira berpuisi
Subjects:

MARC

LEADER 00000cam a2200000 7i4500
001 0000006859
005 20151222.0
008 070822
020 |a 983135155X(set) 
020 |a 9831351606 
090 0 0 |a JF   |b NS MAL (7574) 
100 0 |a Amril Shah 
245 1 0 |a Pelajar berwawasan   |c Amril Shah 
260 |a Selangor :   |b Pustaka Tintamas ,   |c 2006 
440 0 |a Mari gembira berpuisi 
500 |a Children ages 7-9 years old (orange) 
650 0 |a Children's poetry, Malay   |x Juvenile literature 
999 |a 0000917091   |b Book   |c Children Collection   |e Cawangan Bukit Gambir 
999 |a 0000917092   |b Book   |c Children Collection   |e Cawangan Bukit Gambir 
999 |a 0000917093   |b Book   |c Adult Collection   |e Cawangan Bukit Gambir 
999 |a 0000945657   |b Book   |c Children Collection   |e Cawangan Taman Sri Lambak 
999 |a 0000945658   |b Book   |c Children Collection   |e Cawangan Taman Sri Lambak 
999 |a 0000945659   |b Book   |c Children Collection   |e Cawangan Taman Sri Lambak 
999 |a 0000987212   |b Book   |c Children Collection   |e Cawangan Tangkak 
999 |a 0000987213   |b Book   |c Children Collection   |e Perbadanan Perpustakaan Awam Johor 
999 |a 0000987214   |b Book   |c Children Collection   |e Cawangan Pontian 
999 |a 0000987215   |b Book   |c Children Collection   |e Cawangan Sri Merlong 
999 |a 0000987216   |b Book   |c Children Collection   |e Perbadanan Perpustakaan Awam Johor 
999 |a 0001148402   |b Book   |c Children Collection   |e Cawangan Taman Universiti 
999 |a 0001148403   |b Book   |c Children Collection   |e Cawangan Segamat 
999 |a 0001148404   |b Book   |c Children Collection   |e Cawangan Tmn. Ungku Tun Aminah 
999 |a 0001148405   |b Book   |c Children Collection   |e Cawangan Bandar Penawar